<?xml version="1.0" encoding="UTF-8"?>
<collection xmlns="http://www.loc.gov/MARC21/slim">
 <record>
  <leader>01404nam a2200229Ia 4500</leader>
  <controlfield tag="001">TDMU_14934</controlfield>
  <controlfield tag="008">210410s9999    xx            000 0 und d</controlfield>
  <datafield tag="082" ind1=" " ind2=" ">
   <subfield code="a">895.13</subfield>
  </datafield>
  <datafield tag="090" ind1=" " ind2=" ">
   <subfield code="b">CH500</subfield>
  </datafield>
  <datafield tag="100" ind1=" " ind2=" ">
   <subfield code="a">Chu, Tường</subfield>
  </datafield>
  <datafield tag="245" ind1=" " ind2="0">
   <subfield code="a">Tứ đại mỹ nhân - Điêu Thuyền</subfield>
  </datafield>
  <datafield tag="245" ind1=" " ind2="0">
   <subfield code="b">Tiểu thuyết lịch sử</subfield>
  </datafield>
  <datafield tag="245" ind1=" " ind2="0">
   <subfield code="c">Chu Tường; Ông Văn Tùng (d.)</subfield>
  </datafield>
  <datafield tag="260" ind1=" " ind2=" ">
   <subfield code="a">H.</subfield>
  </datafield>
  <datafield tag="260" ind1=" " ind2=" ">
   <subfield code="b">Văn học</subfield>
  </datafield>
  <datafield tag="260" ind1=" " ind2=" ">
   <subfield code="c">2010</subfield>
  </datafield>
  <datafield tag="300" ind1=" " ind2=" ">
   <subfield code="a">667tr.</subfield>
  </datafield>
  <datafield tag="520" ind1=" " ind2=" ">
   <subfield code="a">Viết về Điêu Thuyền, mỹ nhân thời Tam Quốc - một trong tứ đại mỹ nhân của Trung Quốc. Xuất thân trong gia đình nghèo khổ nhưng được làm con nuôi của Tư Đồ Vương Doãn và biến thành công cụ cho mưu lược chiến tranh. Dùng nhan sắc đắm nguyệt say hoa đánh bại 2 anh hùng bậc nhất thời Tam Quốc Đổng Trác và Lữ Bố, và cuối cùng phải tự vẫn.</subfield>
  </datafield>
  <datafield tag="650" ind1=" " ind2=" ">
   <subfield code="a">Nhân vật lịch sử</subfield>
   <subfield code="z">Trung Quốc</subfield>
   <subfield code="x">Điêu Thuyền; Tiểu thuyết Trung Quốc; Văn học Trung Quốc</subfield>
   <subfield code="x">Tiểu thuyết lịch sử; Điêu Thuyền</subfield>
   <subfield code="x">Truyện kể</subfield>
  </datafield>
  <datafield tag="700" ind1=" " ind2=" ">
   <subfield code="a">Ông, Văn Tùng</subfield>
  </datafield>
  <datafield tag="856" ind1=" " ind2=" ">
   <subfield code="u">http://lrc.tdmu.edu.vn/opac/search/detail.asp?aID=2&amp;ID=14934</subfield>
  </datafield>
  <datafield tag="980" ind1=" " ind2=" ">
   <subfield code="a">Trung tâm Học liệu Trường Đại học Thủ Dầu Một</subfield>
  </datafield>
 </record>
</collection>
